00362nam a2200145Ia 4500008004100000041000800041082001700049100001800066245003200084250001200116260003300128300000800161365001600169700003100185230718s9999 xx 000 0 und d aeng a621.106bROB aRoberson J.A. aEngineering Fluid Mechanics a4th ed. c1999bJaico Publishing House a747 cRs.b495.00 aRoberson J.A. & Crowe C.T.